Statistics for Never Enough - One Direction (All Lyrics)

Click here to take the quiz!

General Stats

  • This quiz has been taken 13 times
  • The average score is 348 of 390

Answer Stats

Answer% Correct
enough
100%
I
100%
it
100%
it’s
100%
it's
100%
never…
100%
never
100%
again"
89%
again”
89%
all
89%
an
89%
and
89%
baby
89%
"baby
89%
“baby
89%
break
89%
can
89%
can't
89%
could
89%
do
89%
don't
89%
everything
89%
forget
89%
get
89%
go
89%
good
89%
heart
89%
just
89%
know
89%
let's
89%
lips
89%
love
89%
much
89%
my
89%
name
89%
need
89%
of
89%
over
89%
say
89%
so
89%
something
89%
swear
89%
take
89%
the
89%
to
89%
too
89%
up
89%
we'll
89%
when
89%
with
89%
you
89%
drive
78%
earth
78%
edge
78%
end
78%
give
78%
in
78%
into
78%
night
78%
nighter
78%
not
78%
party
78%
pull
78%
quit
78%
stay
78%
wake
78%
wanna
78%
Wanna
78%
weekend
78%
away
67%
come
67%
is
67%
on
67%

Score Distribution

Percentile by Number Answered

Percent of People with Each Score

Your Score History

You have not taken this quiz